| 000 | 00900nam a22002177a 4500 | ||
|---|---|---|---|
| 999 |
_c5009 _d5009 |
||
| 003 | AR-CdUCM | ||
| 008 | 190311b ||||| |||| 00| 0 spa d | ||
| 040 |
_aMUNICIPALIDAD PROVINCIAL DEL CUSCO _cBIBLIOTECA MUNICIPAL DEL CUSCO |
||
| 082 |
_a952 / _bG91 |
||
| 100 |
_aGuillain, Robert _915322 |
||
| 245 | _aEl Japón tercer grande / | ||
| 260 |
_aBarcelona : _bMartinéz Roca, S.A _c1970. |
||
| 300 |
_a338 páginas ; _c22.5 cm. |
||
| 440 |
_aColección 2000 _915323 |
||
| 505 | _aContenido : La carrera hacia el año 2000 -- El Japón de hace cien años -- El gobierno de los directores -- Un pueblo trabajador -- Grandes multitudoes y pequeños salarios -- la carrera hacia la industrializacion -- el tercer grande de la economia mundial... | ||
| 650 |
_aCultura Nipon _915324 |
||
| 650 |
_aHistoria Japonesa _915325 |
||
| 650 |
_aEconomia Japonesa _915326 |
||
| 942 |
_2ddc _cLIBROS |
||
| 945 | _artm | ||